000 00387nam a2200145 4500
999 _c1185
_d1185
008 200113b ||||| |||| 00| 0 eng d
082 0 0 _a623.893
_bB5752
100 _9770
_aBhandarkar, K. R.
245 1 0 _aElectronics for Ship Mates
_cby K R Bhandarkar
260 _aBombay
_bBhandarkar
_c1972
300 _a183 p.
650 0 _aElectronics
700 _9771
_aGill, J. S.
942 _2ddc
_cBK